[Event "Paignton Ron Bruce Premier"]
[Site "Paignton"]
[Date "2010.09.05"]
[Round "1"]
[White "Brusey, Alan W"]
[Black "Mordue, A Tyson"]
[Result "0-1"]
[WhiteElo "2045"]
[BlackElo "2258"]
[PlyCount "56"]
[EventDate "2010.09.05"]
[EventType "swiss"]
[EventRounds "7"]
[EventCountry "ENG"]

1. e4 c5 2. Nf3 e6 3. c3 d5 4. exd5 Qxd5 5. d4 Nf6 6. Be3 cxd4 7. cxd4 Nc6 8.
Nc3 Qd6 9. a3 Be7 10. Bd3 O-O 11. O-O b6 12. Qc2 Bb7 13. Rfd1 Rac8 14. Rac1 g6
15. h4 Rfd8 16. b4 a6 17. Qd2 Qb8 18. Ne4 Nxe4 19. Bxe4 Nxd4 20. Bxd4 Bxe4 21.
Rxc8 Qxc8 22. Qh6 Bf8 23. Qf4 Bxf3 24. Qxf3 Qc2 25. Kh2 Bg7 26. Bxg7 Qxd1 27.
Qf6 Qd6+ 28. g3 e5 0-1

[Event "Paignton Ron Bruce Premier"]
[Site "Paignton"]
[Date "2010.09.05"]
[Round "1"]
[White "French, Angus"]
[Black "Spanton, Timothy R"]
[Result "1-0"]
[WhiteElo "2129"]
[BlackElo "2020"]
[PlyCount "83"]
[EventDate "2010.09.05"]
[EventType "swiss"]
[EventRounds "7"]
[EventCountry "ENG"]

1. e4 e6 2. d4 d5 3. Nc3 Bb4 4. e5 c5 5. a3 Bxc3+ 6. bxc3 Ne7 7. Qg4 cxd4 8.
Qxg7 Rg8 9. Qxh7 Qa5 10. Qd3 Nbc6 11. f4 dxc3 12. Rb1 d4 13. Ne2 Nf5 14. h3 Qa4
15. g4 Nh4 16. Ng3 Bd7 17. Ne4 O-O-O 18. Nd6+ Kb8 19. Nxb7 Ka8 20. Nxd8 Rxd8
21. Qe4 Rb8 22. Rxb8+ Kxb8 23. Bd3 Nd8 24. O-O Bc6 25. Qe2 Qa5 26. Be4 Bb5 27.
Bd3 Bc6 28. Be4 Bb5 29. Qf2 Bxf1 30. Qxf1 Qb6 31. Kf2 Nb7 32. Kg3 Nc5 33. Bh1
Ng6 34. Qf3 Kc7 35. a4 Qb7 36. Qxb7+ Nxb7 37. Bxb7 Kxb7 38. Kf3 Kc6 39. Ke4 Kc5
40. f5 Ne7 41. Ba3+ Kc4 42. Bxe7 1-0

[Event "Paignton Ron Bruce Premier"]
[Site "Paignton"]
[Date "2010.09.05"]
[Round "1"]
[White "Gill, Neville B K"]
[Black "Webster, Richard J"]
[Result "1/2-1/2"]
[WhiteElo "2115"]
[BlackElo "1956"]
[PlyCount "101"]
[EventDate "2010.09.05"]
[EventType "swiss"]
[EventRounds "7"]
[EventCountry "ENG"]

1. d4 Nf6 2. c4 g6 3. Nc3 d5 4. Nf3 Bg7 5. Bg5 Ne4 6. cxd5 Nxg5 7. Nxg5 e6 8.
Nf3 exd5 9. e3 O-O 10. b4 c6 11. Be2 b6 12. Rc1 Bb7 13. O-O Nd7 14. b5 Nf6 15.
bxc6 Bxc6 16. Ne5 Bb7 17. Qa4 a6 18. Rc2 Qd6 19. Rb1 b5 20. Qa5 Rac8 21. Rcb2
Rc7 22. a4 Rfc8 23. Na2 Qa3 24. Qb4 Qxb4 25. Rxb4 Bf8 26. R4b2 Ba3 27. Rb3 Rc2
28. Rxa3 Rxe2 29. Nc3 Rc2 30. Nd1 Ne4 31. Nd3 R8c7 32. axb5 axb5 33. f3 Nd6 34.
Nc5 Bc6 35. Nd3 Nc4 36. Ra6 Re2 37. Kf1 Rd2 38. Ne5 Nxe5 39. dxe5 Rc2 40. Rb2
Rxb2 41. Nxb2 Bb7 42. Rb6 Rc1+ 43. Kf2 Rc2+ 44. Kg3 Rxb2 45. Rxb7 Rb3 46. Kf4
Rb4+ 47. Kg5 Kg7 48. f4 Re4 49. Rxb5 Rxe3 50. Rxd5 Re2 51. g3 1/2-1/2

[Event "Paignton Ron Bruce Premier"]
[Site "Paignton"]
[Date "2010.09.05"]
[Round "1"]
[White "Gregory, Keith"]
[Black "Arkell, Keith C"]
[Result "0-1"]
[WhiteElo "2063"]
[BlackElo "2439"]
[PlyCount "84"]
[EventDate "2010.09.05"]
[EventType "swiss"]
[EventRounds "7"]
[EventCountry "ENG"]

1. Nf3 b5 2. g3 Bb7 3. Bg2 Nf6 4. O-O e6 5. d3 d5 6. Nbd2 Nbd7 7. a4 b4 8. c4
Be7 9. b3 O-O 10. Qc2 Re8 11. Bb2 Bf8 12. Ne5 Nxe5 13. Bxe5 Bd6 14. Bb2 Rb8 15.
Rfd1 c5 16. e4 d4 17. Re1 e5 18. Bc1 Bc8 19. Nf3 Nh5 20. Kh1 g6 21. Ng1 f5 22.
exf5 gxf5 23. Qe2 Ng7 24. Bd5+ Be6 25. Qf3 Bc7 26. Bh6 Bxd5 27. cxd5 Qf6 28.
Bd2 Qg6 29. Rac1 e4 30. Qe2 Bd6 31. Nh3 Qf7 32. Nf4 Bxf4 33. Bxf4 Qxd5 34. dxe4
Rxe4 35. Qc4 Qxc4 36. Rxc4 Rc8 37. Rec1 Ne6 38. Rxb4 d3 39. Rb7 Nxf4 40. gxf4
d2 41. Rg1+ Kh8 42. h3 Re1 0-1

[Event "Paignton Ron Bruce Premier"]
[Site "Paignton"]
[Date "2010.09.05"]
[Round "1"]
[White "Hickman, John E"]
[Black "Jenks, Chris Bruce"]
[Result "1/2-1/2"]
[WhiteElo "2012"]
[BlackElo "2124"]
[PlyCount "151"]
[EventDate "2010.09.05"]
[EventType "swiss"]
[EventRounds "7"]
[EventCountry "ENG"]

1. Nf3 c5 2. e4 g6 3. g3 Nc6 4. d3 Bg7 5. Bg2 d6 6. O-O Rb8 7. h3 b5 8. c3 e5
9. Be3 Nge7 10. d4 exd4 11. cxd4 O-O 12. Nc3 b4 13. Ne2 Ba6 14. Re1 Qb6 15.
dxc5 dxc5 16. Qc1 Bxe2 17. Rxe2 Nd4 18. Nxd4 cxd4 19. Bf4 Rbc8 20. Qd2 Rfd8 21.
Qd3 a5 22. Rae1 Qe6 23. e5 h6 24. h4 Qxa2 25. Bh3 Qc4 26. Qf3 Rc6 27. e6 f5 28.
Bxf5 Nxf5 29. Rc1 Qxc1+ 30. Bxc1 Rxc1+ 31. Kh2 h5 32. e7 Re8 33. Qd5+ Kh7 34.
Qf7 Rcc8 35. Re6 Nxe7 36. Rxe7 Rxe7 37. Qxe7 Rc2 38. Qf7 d3 39. g4 Rc5 40. gxh5
Rxh5 41. Kg3 d2 42. Qd7 d1=Q 43. Qxd1 Bxb2 44. Kg4 Bg7 45. f3 Rf5 46. Qb3 Be5
47. Qd1 Kh6 48. Qb3 Rf4+ 49. Kh3 Rf5 50. Kg4 Bf6 51. Qe3+ Kh7 52. Qb3 Bg7 53.
Qd1 Rc5 54. Qa4 Rd5 55. Qb3 Rf5 56. Qd1 Be5 57. Qb3 Kh6 58. Qd3 Kh7 59. Qb3 Kg7
60. Qd1 Rf4+ 61. Kh3 Rd4 62. Qc2 Bf6 63. f4 Rd5 64. Qc7+ Kh6 65. Qf7 Rf5 66.
Qf8+ Bg7 67. Qb8 Bc3 68. Qe8 a4 69. Qxa4 Rxf4 70. Qd1 Be5 71. Qd5 Bf6 72. Qd2
g5 73. hxg5+ Kxg5 74. Qd5+ Kg6 75. Qd3+ Kf7 76. Qd7+ 1/2-1/2

[Event "Paignton Ron Bruce Premier"]
[Site "Paignton"]
[Date "2010.09.05"]
[Round "1"]
[White "Isherwood, Paul"]
[Black "Almond, Richard"]
[Result "1/2-1/2"]
[WhiteElo "2017"]
[BlackElo "2130"]
[PlyCount "49"]
[EventDate "2010.09.05"]
[EventType "swiss"]
[EventRounds "7"]
[EventCountry "ENG"]

1. d4 d5 2. Nf3 Nf6 3. e3 e6 4. Bd3 c5 5. c3 Nc6 6. Nbd2 b6 7. O-O Bb7 8. Qe2
Be7 9. b3 O-O 10. Bb2 Rc8 11. Rac1 Qd6 12. Rfd1 e5 13. dxe5 Nxe5 14. Bb1 Qb8
15. c4 Bd6 16. cxd5 Bxd5 17. e4 Be6 18. h3 Rfe8 19. Ng5 Ng6 20. Ndf3 Bf4 21.
Rc3 Ne5 22. Nxe6 Rxe6 23. Ne1 Nc6 24. Nf3 Rce8 25. g3 1/2-1/2

[Event "Paignton Ron Bruce Premier"]
[Site "Paignton"]
[Date "2010.09.05"]
[Round "1"]
[White "James, Russell A"]
[Black "Bass, John"]
[Result "1/2-1/2"]
[WhiteElo "2202"]
[BlackElo "2041"]
[PlyCount "63"]
[EventDate "2010.09.05"]
[EventType "swiss"]
[EventRounds "7"]
[EventCountry "ENG"]

1. d4 Nf6 2. Bg5 d5 3. Nf3 e6 4. c4 Be7 5. Nc3 O-O 6. e3 h6 7. Bh4 b6 8. Rc1
Bb7 9. cxd5 Nxd5 10. Bxe7 Qxe7 11. Bd3 Rc8 12. O-O c5 13. Nxd5 Bxd5 14. e4 Bb7
15. Re1 Nd7 16. d5 exd5 17. exd5 Qd6 18. Bf5 Re8 19. Qa4 Nf6 20. Rxe8+ Rxe8 21.
Rd1 Bxd5 22. h3 Qc6 23. Qf4 Qb7 24. Ne5 Qb8 25. Re1 Bxa2 26. Re3 Nd5 27. Bh7+
Kxh7 28. Qf5+ Kg8 29. Qxf7+ Kh7 30. Qg6+ Kg8 31. Qf7+ Kh7 32. Qg6+ 1/2-1/2

[Event "Paignton Ron Bruce Premier"]
[Site "Paignton"]
[Date "2010.09.05"]
[Round "1"]
[White "Lewyk, Ihor"]
[Black "Hassall, Mark Ian"]
[Result "1-0"]
[WhiteElo "2110"]
[BlackElo "1942"]
[PlyCount "71"]
[EventDate "2010.09.05"]
[EventType "swiss"]
[EventRounds "7"]
[EventCountry "ENG"]

1. Nf3 Nf6 2. d4 g6 3. Nc3 Bg7 4. e4 d6 5. Bc4 O-O 6. Qe2 c6 7. Bb3 Na6 8. O-O
Nc7 9. h3 Be6 10. Bxe6 Nxe6 11. Be3 Qa5 12. a3 Rac8 13. b4 Qc7 14. Rad1 b6 15.
Qd2 Rfd8 16. Bh6 Bh8 17. Rfe1 c5 18. d5 Nf8 19. b5 N8d7 20. a4 Ra8 21. Qe2 Ng4
22. Bd2 Nge5 23. Nxe5 Bxe5 24. f4 Bg7 25. Qc4 Rf8 26. Ne2 Rae8 27. Ng3 e5 28.
f5 f6 29. h4 Rf7 30. Rf1 Qd8 31. fxg6 hxg6 32. h5 gxh5 33. Nf5 Nf8 34. Rf3 Ng6
35. Rg3 Nf4 36. Rf1 1-0

[Event "Paignton Ron Bruce Premier"]
[Site "Paignton"]
[Date "2010.09.05"]
[Round "1"]
[White "Marsh, Roger DW"]
[Black "Jordan, Dirk"]
[Result "0-1"]
[WhiteElo "2030"]
[BlackElo "2170"]
[PlyCount "96"]
[EventDate "2010.09.05"]
[EventType "swiss"]
[EventRounds "7"]
[EventCountry "ENG"]

1. d4 d5 2. c4 c6 3. cxd5 cxd5 4. Nc3 Nf6 5. Nf3 Nc6 6. Bf4 a6 7. e3 Bf5 8. a3
e6 9. h3 Be7 10. Be2 O-O 11. O-O b5 12. b4 Rc8 13. Rc1 Nd7 14. Nd2 Nb6 15. Nb3
Nc4 16. Nc5 Nxa3 17. Nxa6 Nxb4 18. Nxb4 Bxb4 19. Nxb5 Bc2 20. Rxc2 Nxc2 21. Bd3
Na3 22. Qb3 Qe7 23. Nxa3 Bxa3 24. Ba6 Rcd8 25. Rb1 Bd6 26. Bxd6 Qxd6 27. Qb6
Qxb6 28. Rxb6 Rb8 29. Rxb8 Rxb8 30. g3 Rb2 31. h4 Kf8 32. Kf1 Ke7 33. Bd3 h6
34. Kg2 f6 35. g4 e5 36. dxe5 fxe5 37. Kg3 Kd6 38. Kg2 Kc5 39. Ba6 Ra2 40. Bc8
d4 41. exd4+ exd4 42. Bf5 Ra3 43. f4 d3 44. Kf2 Kd4 45. g5 Ra2+ 46. Kf3 Rh2 47.
Kg3 Rh1 48. gxh6 gxh6 0-1

[Event "Paignton Ron Bruce Premier"]
[Site "Paignton"]
[Date "2010.09.05"]
[Round "1"]
[White "McKenna, Jason P"]
[Black "Thompson, Robert"]
[Result "1-0"]
[WhiteElo "2082"]
[BlackElo "1895"]
[PlyCount "57"]
[EventDate "2010.09.05"]
[EventType "swiss"]
[EventRounds "7"]
[EventCountry "ENG"]

1. e4 c5 2. Nf3 g6 3. d4 cxd4 4. Nxd4 Nc6 5. Be3 Nf6 6. Nc3 Bg7 7. h3 O-O 8. g3
Qa5 9. Bg2 Qb4 10. O-O Ne5 11. a3 Qa5 12. Qe2 d6 13. f4 Nc6 14. Nxc6 bxc6 15.
e5 Nd5 16. Nxd5 cxd5 17. b4 Ba6 18. c4 Qc7 19. Bxd5 dxe5 20. Bxa8 Bxc4 21. Qg2
Bxf1 22. Rxf1 exf4 23. Bxf4 Bd4+ 24. Kh2 Qc3 25. Bh6 Rd8 26. Bd5 e6 27. Qf3
Qb2+ 28. Kh1 Rd7 29. Bxe6 1-0

[Event "Paignton Ron Bruce Premier"]
[Site "Paignton"]
[Date "2010.09.05"]
[Round "1"]
[White "Taylor, Geoffrey P"]
[Black "Collier, David"]
[Result "1/2-1/2"]
[WhiteElo "1957"]
[BlackElo "2115"]
[PlyCount "38"]
[EventDate "2010.09.05"]
[EventType "swiss"]
[EventRounds "7"]
[EventCountry "ENG"]

1. e4 c6 2. d4 d5 3. Nc3 dxe4 4. Nxe4 Bf5 5. Ng3 Bg6 6. Nf3 Nd7 7. h4 h6 8. h5
Bh7 9. Bd3 Bxd3 10. Qxd3 e6 11. Bf4 Qa5+ 12. Bd2 Qc7 13. O-O-O O-O-O 14. Qe3
Ngf6 15. Rh4 Be7 16. Nf5 Bf8 17. Ng3 Be7 18. Nf5 Bf8 19. Ng3 Be7 1/2-1/2

[Event "Paignton Ron Bruce Premier"]
[Site "Paignton"]
[Date "2010.09.05"]
[Round "1"]
[White "Thompson, Robert"]
[Black "Marsh, Roger DW"]
[Result "1/2-1/2"]
[WhiteElo "1895"]
[BlackElo "2030"]
[PlyCount "52"]
[EventDate "2010.09.05"]
[EventType "swiss"]
[EventRounds "7"]
[EventCountry "ENG"]

1. c4 g6 2. Nf3 Bg7 3. Nc3 d6 4. g3 e5 5. Bg2 f5 6. d4 e4 7. Nd2 Nc6 8. e3 Nf6
9. O-O O-O 10. a3 Ne7 11. f3 exf3 12. Nxf3 c6 13. b4 Ne4 14. Nxe4 fxe4 15. Nd2
d5 16. Rxf8+ Qxf8 17. Bb2 Be6 18. Qe2 Qc8 19. Rc1 Bg4 20. Qf2 Qd7 21. cxd5 cxd5
22. Qf4 Rc8 23. Bf1 Rxc1 24. Bxc1 h5 25. Qb8+ Qc8 26. Qxc8+ Bxc8 1/2-1/2

[Event "Paignton Ron Bruce Premier"]
[Site "Paignton"]
[Date "2010.09.05"]
[Round "1"]
[White "Wheeler, John Francis"]
[Black "Hurwitz, Ed"]
[Result "1/2-1/2"]
[WhiteElo "2120"]
[BlackElo "2011"]
[PlyCount "80"]
[EventDate "2010.09.05"]
[EventType "swiss"]
[EventRounds "7"]
[EventCountry "ENG"]

1. d4 d6 2. e4 Nf6 3. Nc3 Nbd7 4. Nf3 e5 5. Bc4 Be7 6. O-O O-O 7. Re1 c6 8. a4
a5 9. h3 Nb6 10. Bb3 Nfd7 11. Be3 exd4 12. Nxd4 Nc5 13. Qe2 Nxb3 14. cxb3 d5
15. Rad1 c5 16. Ndb5 d4 17. Bf4 Be6 18. Bc7 Qc8 19. Bxb6 dxc3 20. Nc7 Bxb3 21.
Nxa8 Bxd1 22. Rxd1 Qxa8 23. bxc3 Qc8 24. Bxa5 Qc6 25. Qb5 Qxe4 26. c4 Qc2 27.
Re1 Bf6 28. Qxc5 Qxa4 29. Rb1 Qc6 30. Qd5 g6 31. Rxb7 Qxd5 32. cxd5 Ra8 33. Bb4
Ra1+ 34. Kh2 Be5+ 35. g3 Rb1 36. Re7 Bxg3+ 37. Kxg3 Rxb4 38. Kf3 Rd4 39. Rd7
Kg7 40. Ke3 Rd1 1/2-1/2

[Event "Paignton Ron Bruce Premier"]
[Site "Paignton"]
[Date "2010.09.05"]
[Round "1"]
[White "Wynarczyk, Raymond"]
[Black "Dilleigh, Stephen P"]
[Result "1/2-1/2"]
[WhiteElo "1947"]
[BlackElo "2110"]
[PlyCount "51"]
[EventDate "2010.09.05"]
[EventType "swiss"]
[EventRounds "7"]
[EventCountry "ENG"]

1. e4 c5 2. Nf3 e6 3. d4 cxd4 4. Nxd4 a6 5. Bd3 Bc5 6. Nb3 Be7 7. Nc3 d6 8. O-O
Nf6 9. Be3 Qc7 10. f4 Nc6 11. Na4 Nd7 12. Qf3 b5 13. Nc3 Bb7 14. Rad1 O-O 15.
Qh3 Nb4 16. Nd4 Nxd3 17. cxd3 b4 18. Nce2 Rac8 19. Rc1 Qd8 20. Rxc8 Bxc8 21.
Nc6 Qe8 22. Nxb4 Nc5 23. Qg3 a5 24. Bd4 f6 25. Nc2 Ba6 26. Nc1 1/2-1/2

[Event "Paignton Ron Bruce Premier"]
[Site "Paignton"]
[Date "2010.09.06"]
[Round "2"]
[White "Arkell, Keith C"]
[Black "Lewyk, Ihor"]
[Result "1-0"]
[WhiteElo "2439"]
[BlackElo "2110"]
[PlyCount "73"]
[EventDate "2010.09.05"]
[EventType "swiss"]
[EventRounds "7"]
[EventCountry "ENG"]

1. d4 Nf6 2. Nf3 e6 3. c4 b6 4. a3 Bb7 5. Nc3 Be7 6. d5 O-O 7. e4 exd5 8. cxd5
d6 9. Bd3 Nbd7 10. O-O Ne5 11. Nd4 Nfd7 12. Be2 Bf6 13. Be3 Re8 14. Rc1 a5 15.
Bb5 Ng6 16. f3 Be5 17. f4 Bxd4 18. Bxd4 Rc8 19. Qg4 Re7 20. h4 f6 21. h5 Ngf8
22. Rfe1 h6 23. Bc6 Ba8 24. Bxa8 Rxa8 25. Nb5 Kh8 26. Nxc7 Rc8 27. Ne6 Nxe6 28.
dxe6 Rxc1 29. Rxc1 Nc5 30. Bxc5 bxc5 31. Rd1 c4 32. Kh1 Qb6 33. e5 dxe5 34. f5
Qc7 35. Rc1 Qb6 36. Rxc4 Rc7 37. e7 1-0

[Event "Paignton Ron Bruce Premier"]
[Site "Paignton"]
[Date "2010.09.06"]
[Round "2"]
[White "Bolt, Graham"]
[Black "James, Russell A"]
[Result "1/2-1/2"]
[WhiteElo "2062"]
[BlackElo "2202"]
[PlyCount "38"]
[EventDate "2010.09.05"]
[EventType "swiss"]
[EventRounds "7"]
[EventCountry "ENG"]

1. g3 d5 2. Bg2 Nf6 3. d3 c5 4. b3 Nc6 5. Bb2 e5 6. Nd2 Bd6 7. e3 O-O 8. Ne2 a5
9. a4 Be6 10. h3 Nb4 11. O-O Qc7 12. Nc3 Qd7 13. Kh2 Rac8 14. e4 Bb8 15. exd5
Nfxd5 16. Nce4 f6 17. Nc4 b6 18. Qe2 Rce8 19. Rad1 Kh8 1/2-1/2

[Event "Paignton Ron Bruce Premier"]
[Site "Paignton"]
[Date "2010.09.06"]
[Round "2"]
[White "Brown, Alan M"]
[Black "Littlejohns, David P"]
[Result "1/2-1/2"]
[WhiteElo "2106"]
[BlackElo "2064"]
[PlyCount "96"]
[EventDate "2010.09.05"]
[EventType "swiss"]
[EventRounds "7"]
[EventCountry "ENG"]

1. d4 c6 2. Nf3 d5 3. c4 Nf6 4. cxd5 cxd5 5. Nc3 Nc6 6. Bf4 Bf5 7. e3 e6 8. Bb5
Bd6 9. Bxd6 Qxd6 10. O-O O-O 11. Rc1 Rac8 12. Na4 Bg4 13. Nc5 Bxf3 14. Qxf3 b6
15. Nd3 Nb4 16. a3 Nxd3 17. Bxd3 Rc7 18. Ba6 Rd8 19. Qg3 Qxg3 20. hxg3 Rdd7 21.
f3 g6 22. Bb5 Re7 23. Kf2 Kf8 24. g4 h5 25. gxh5 Nxh5 26. e4 Nf6 27. e5 Ne8 28.
Rh1 Rxc1 29. Rxc1 Nc7 30. Bd3 Ke8 31. Kg3 Kf8 32. Kg4 Kg7 33. Kg5 Rd7 34. Rc6
Kf8 35. a4 Ke7 36. b4 Ne8 37. Rc2 Rc7 38. Rxc7+ Nxc7 39. f4 a5 40. b5 Ne8 41.
Be2 Ng7 42. g4 Ne8 43. Bd1 Nc7 44. Bf3 Ne8 45. Bd1 Nc7 46. Bf3 Ne8 47. f5 gxf5
48. gxf5 Nc7 1/2-1/2

[Event "Paignton Ron Bruce Premier"]
[Site "Paignton"]
[Date "2010.09.06"]
[Round "2"]
[White "Collier, David"]
[Black "Hickman, John E"]
[Result "1/2-1/2"]
[WhiteElo "2115"]
[BlackElo "2012"]
[PlyCount "75"]
[EventDate "2010.09.05"]
[EventType "swiss"]
[EventRounds "7"]
[EventCountry "ENG"]

1. d4 d6 2. c4 e5 3. d5 Be7 4. Nc3 a5 5. e4 Bg5 6. Nf3 Bxc1 7. Rxc1 Nf6 8. g3
O-O 9. Bg2 Na6 10. O-O Nc5 11. Ne1 Bg4 12. f3 Bd7 13. b3 Qb8 14. Kh1 Qa7 15.
Qd2 Qb6 16. Nc2 Na6 17. Rb1 Nb4 18. Ne3 Qc5 19. Rfd1 Na6 20. Bf1 Rfb8 21. Nc2
Nb4 22. Ne1 Na6 23. Nb5 Qb6 24. Kg2 h6 25. Qf2 Qxf2+ 26. Kxf2 g5 27. Ke3 Rd8
28. Rd2 Kg7 29. g4 Bxb5 30. cxb5 Nc5 31. Rc2 Rdc8 32. Ng2 b6 33. Kf2 Kg6 34.
Ne3 h5 35. h3 h4 36. a3 Ne8 37. Nf5 Kf6 38. a4 1/2-1/2

[Event "Paignton Ron Bruce Premier"]
[Site "Paignton"]
[Date "2010.09.06"]
[Round "2"]
[White "Dilleigh, Stephen P"]
[Black "Taylor, Geoffrey P"]
[Result "1/2-1/2"]
[WhiteElo "2110"]
[BlackElo "1957"]
[PlyCount "34"]
[EventDate "2010.09.05"]
[EventType "swiss"]
[EventRounds "7"]
[EventCountry "ENG"]

1. d4 d5 2. c4 e6 3. Nf3 Nf6 4. g3 c6 5. Bg2 Bd6 6. Qc2 Nbd7 7. Nbd2 O-O 8. O-O
Re8 9. b3 e5 10. dxe5 Nxe5 11. Bb2 Ng6 12. e3 Bf8 13. Rfd1 Qe7 14. Rac1 Be6 15.
Re1 Qd7 16. e4 Rac8 17. Qb1 dxe4 1/2-1/2

[Event "Paignton Ron Bruce Premier"]
[Site "Paignton"]
[Date "2010.09.06"]
[Round "2"]
[White "Feavyour, John A"]
[Black "French, Angus"]
[Result "1-0"]
[WhiteElo "2064"]
[BlackElo "2129"]
[PlyCount "181"]
[EventDate "2010.09.05"]
[EventType "swiss"]
[EventRounds "7"]
[EventCountry "ENG"]

1. d4 d5 2. c4 c6 3. Nf3 Nf6 4. cxd5 cxd5 5. Nc3 Nc6 6. Bf4 a6 7. e3 Bg4 8. Be2
e6 9. O-O Bd6 10. Bxd6 Qxd6 11. h3 Bh5 12. Rc1 b5 13. Nxb5 axb5 14. Bxb5 O-O
15. Rxc6 Qb4 16. a4 Ne4 17. g4 Bg6 18. Qc1 f5 19. Ne5 Be8 20. Rxe6 Bxb5 21.
axb5 fxg4 22. hxg4 Qxb5 23. Re7 Rac8 24. Rc7 Rcd8 25. Nc6 Rde8 26. Ne5 Qa6 27.
Qc6 Qxc6 28. Rxc6 Ra8 29. f3 Ng5 30. Kg2 h6 31. Rc5 Rfd8 32. Rfc1 Rab8 33. R1c2
Rb3 34. R5c3 Rdb8 35. Rc8+ Rxc8 36. Rxc8+ Kh7 37. Rc3 Rxb2+ 38. Kg3 Re2 39. Nd7
Rb2 40. Kf4 Rf2 41. Ne5 Ne4 42. Rc7 Rf1 43. Rd7 Nc3 44. g5 hxg5+ 45. Kxg5 Rf2
46. Rc7 Nd1 47. Kf4 Re2 48. Ng4 Re1 49. Rc5 Nxe3 50. Nxe3 g5+ 51. Kxg5 Rxe3 52.
Kf4 Re1 53. Rxd5 Kg7 54. Kf5 Re2 55. f4 Re1 56. Rd7+ Kf8 57. Rh7 Rd1 58. Ke5
Re1+ 59. Kd5 Rf1 60. Rh4 Ke7 61. Ke4 Re1+ 62. Kd3 Kf6 63. Rh5 Rf1 64. Ke3 Re1+
65. Kd3 Rd1+ 66. Ke4 Re1+ 67. Kd5 Rf1 68. f5 Rd1 69. Kc5 Rc1+ 70. Kd5 Rc8 71.
Rh1 Rd8+ 72. Kc5 Rc8+ 73. Kd5 Rd8+ 74. Ke4 Re8+ 75. Kf4 Rd8 76. Rh6+ Kf7 77.
Ke5 Re8+ 78. Re6 Ra8 79. f6 Ra1 80. Re7+ Kf8 81. d5 Ra6 82. Rc7 Ra8 83. Ke6 Rd8
84. Rh7 Kg8 85. Re7 Kf8 86. Rc7 Re8+ 87. Re7 Rd8 88. f7 Rb8 89. Rc7 Rd8 90. Rc1
Ra8 91. Rg1 1-0

[Event "Paignton Ron Bruce Premier"]
[Site "Paignton"]
[Date "2010.09.06"]
[Round "2"]
[White "Hassall, Mark Ian"]
[Black "Gregory, Keith"]
[Result "1/2-1/2"]
[WhiteElo "1942"]
[BlackElo "2063"]
[PlyCount "35"]
[EventDate "2010.09.05"]
[EventType "swiss"]
[EventRounds "7"]
[EventCountry "ENG"]

1. e4 d6 2. d4 Nf6 3. Nc3 Nbd7 4. f4 e5 5. Nf3 Be7 6. Bc4 Nb6 7. Bb3 exd4 8.
Qxd4 O-O 9. a4 Bg4 10. O-O Nbd7 11. Be3 Bxf3 12. Rxf3 Nc5 13. Bc4 Ne6 14. Qd3
Ng4 15. Kh1 Nxe3 16. Qxe3 c6 17. Rd1 Qb6 18. Qxb6 1/2-1/2

[Event "Paignton Ron Bruce Premier"]
[Site "Paignton"]
[Date "2010.09.06"]
[Round "2"]
[White "Hempson, Peter W"]
[Black "Kemp, Paul R"]
[Result "1/2-1/2"]
[WhiteElo "2111"]
[BlackElo "2106"]
[PlyCount "53"]
[EventDate "2010.09.05"]
[EventType "swiss"]
[EventRounds "7"]
[EventCountry "ENG"]

1. d4 d5 2. c4 c6 3. Nf3 Nf6 4. Nc3 e6 5. e3 Nbd7 6. Qc2 Bd6 7. e4 dxe4 8. Nxe4
Nxe4 9. Qxe4 Bb4+ 10. Nd2 O-O 11. a3 Bd6 12. Bd3 Nf6 13. Qe2 e5 14. dxe5 Bxe5
15. Nf3 Bg4 16. h3 Re8 17. hxg4 Bxb2 18. Bxb2 Qxd3 19. Ne5 Qxe2+ 20. Kxe2 Nd7
21. f4 f6 22. Rhd1 Nb6 23. Rac1 fxe5 24. Bxe5 Re7 25. Kf3 Rae8 26. Rc3 h6 27.
g3 1/2-1/2

[Event "Paignton Ron Bruce Premier"]
[Site "Paignton"]
[Date "2010.09.06"]
[Round "2"]
[White "Hodgson, John H"]
[Black "Isherwood, Paul"]
[Result "1-0"]
[WhiteElo "2179"]
[BlackElo "2017"]
[PlyCount "73"]
[EventDate "2010.09.05"]
[EventType "swiss"]
[EventRounds "7"]
[EventCountry "ENG"]

1. e4 d6 2. d4 Nf6 3. Nc3 Nbd7 4. g4 h6 5. h3 e5 6. Nge2 c6 7. Bg2 b5 8. a3 Bb7
9. O-O a6 10. Be3 Qc7 11. Ng3 g6 12. Qd2 Bg7 13. Rad1 Nb6 14. b3 O-O-O 15. dxe5
dxe5 16. Qc1 h5 17. g5 Rxd1 18. Rxd1 Nfd7 19. h4 Kb8 20. a4 b4 21. Na2 a5 22.
c3 c5 23. Qd2 Bc6 24. cxb4 cxb4 25. Rc1 Rd8 26. Qc2 Kb7 27. Nxb4 axb4 28. a5
Re8 29. axb6 Nxb6 30. Bc5 Bf8 31. Bxf8 Rxf8 32. Qc5 Rd8 33. Qxb4 Qd7 34. Nf1
Qg4 35. Ne3 Qf4 36. Ra1 Bd7 37. Nc4 1-0

[Event "Paignton Ron Bruce Premier"]
[Site "Paignton"]
[Date "2010.09.06"]
[Round "2"]
[White "Jenks, Chris Bruce"]
[Black "Wynarczyk, Raymond"]
[Result "1/2-1/2"]
[WhiteElo "2124"]
[BlackElo "1947"]
[PlyCount "80"]
[EventDate "2010.09.05"]
[EventType "swiss"]
[EventRounds "7"]
[EventCountry "ENG"]

1. c4 e6 2. Nf3 d5 3. g3 Nf6 4. Bg2 c5 5. cxd5 exd5 6. O-O Nc6 7. d4 Bg4 8. Be3
cxd4 9. Nxd4 Be7 10. Nc3 O-O 11. Rc1 Rc8 12. h3 Be6 13. Qd3 Ne5 14. Qb5 b6 15.
Rfd1 Nc4 16. Bg5 Rc5 17. Qb3 Qc8 18. Nxe6 fxe6 19. e4 h6 20. Bxf6 Bxf6 21. exd5
Nxb2 22. Qxb2 Bxc3 23. Qe2 exd5 24. Rxd5 Bd4 25. Rdxc5 bxc5 26. Rf1 Kh8 27. Kh2
Qe8 28. Qd2 Qe5 29. f4 Qe3 30. Qxe3 Bxe3 31. Re1 Bd4 32. Bd5 g5 33. Re4 Rd8 34.
Bc4 Bf6 35. Kg2 Kg7 36. Kf3 Rd4 37. f5 a5 38. g4 a4 39. Rxd4 Bxd4 40. Ke4 a3
1/2-1/2

[Event "Paignton Ron Bruce Premier"]
[Site "Paignton"]
[Date "2010.09.06"]
[Round "2"]
[White "Jordan, Dirk"]
[Black "McKenna, Jason P"]
[Result "1-0"]
[WhiteElo "2170"]
[BlackElo "2082"]
[PlyCount "48"]
[EventDate "2010.09.05"]
[EventType "swiss"]
[EventRounds "7"]
[EventCountry "ENG"]

1. d4 g6 2. Nc3 Bg7 3. e4 d6 4. Be3 c6 5. Qd2 Nf6 6. f3 b5 7. h4 Nbd7 8. Nh3
Nb6 9. Nf4 e5 10. dxe5 dxe5 11. Qxd8+ Kxd8 12. O-O-O+ Kc7 13. Nd3 Nc4 14. Bf2
Nd7 15. b3 Bh6+ 16. Kb1 Ne3 17. Re1 Nxf1 18. Rexf1 a5 19. Kb2 f6 20. a3 Bf8 21.
Be3 Bxa3+ 22. Kxa3 b4+ 23. Kb2 bxc3+ 24. Kxc3 Rd8 {The remainder of the score
cannot be deciphered.} 1-0

[Event "Paignton Ron Bruce Premier"]
[Site "Paignton"]
[Date "2010.09.06"]
[Round "2"]
[White "Milnes, Anthony CP"]
[Black "Simons, Martin J"]
[Result "0-1"]
[WhiteElo "2075"]
[BlackElo "2178"]
[PlyCount "84"]
[EventDate "2010.09.05"]
[EventType "swiss"]
[EventRounds "7"]
[EventCountry "ENG"]

1. f4 Nf6 2. Nf3 d6 3. Nc3 g6 4. e4 c5 5. Bc4 Nc6 6. O-O Bg4 7. h3 Bxf3 8. Qxf3
Nd4 9. Qd1 Bg7 10. d3 O-O 11. Ne2 d5 12. exd5 Nxd5 13. Nxd4 Bxd4+ 14. Kh1 e6
15. Qf3 Qd6 16. Bxd5 Qxd5 17. Qxd5 exd5 18. c3 Bg7 19. Bd2 Rfe8 20. Rae1 f5 21.
Rxe8+ Rxe8 22. Re1 Kf7 23. g3 Rxe1+ 24. Bxe1 Ke6 25. Kg2 b5 26. Bf2 Kd6 27. b4
d4 28. bxc5+ Kxc5 29. Kf3 Kd5 30. cxd4 a5 31. Ke2 b4 32. Kd1 Bxd4 33. Be1 Be3
34. Kc2 Kc5 35. Kb3 Kb5 36. a3 a4+ 37. Kb2 Bd4+ 38. Ka2 b3+ 39. Kb1 h5 40. Kc1
Kc6 41. Kb1 Kd5 42. Kc1 Be3+ 0-1